[Event "Frankfurt Ch B 2019"]
[Site "Ffm-Höchst, BiKuZ"]
[Date "2019.05.13"]
[Round "3.1"]
[White "Kiel, Gerhard"]
[Black "Wöhl, Torsten"]
[Result "1-0"]
[WhiteElo "1459"]
[BlackElo "1324"]
[PlyCount "71"]
[EventDate "2019.??.??"]
[WhiteTeam "Berkershm"]
[BlackTeam "SC Groß-Zimmern"]

1. Nf3 e6 2. d4 d5 3. e3 c5 4. c4 Nf6 5. Bd3 Nc6 6. O-O Nb4 7. Be2 Bd6 8. Nc3
Bd7 9. Re1 O-O 10. a3 Nc6 11. dxc5 Bxc5 12. b4 Be7 13. cxd5 exd5 14. Nxd5 Nxd5
15. Qxd5 Bf6 16. Rb1 Qc7 17. Bb2 Be6 18. Qd2 Bf5 19. Ra1 Rfd8 20. Qc1 Qe7 21.
Bxf6 Qxf6 22. Qc5 Rac8 23. h3 b6 24. Qb5 Bd7 25. Qg5 Qxg5 26. Nxg5 h6 27. Nf3
Ne7 28. Rac1 Rxc1 29. Rxc1 Rc8 30. Rxc8+ Nxc8 31. Nd4 Nd6 32. f3 b5 33. Kf2 a6
34. Ke1 Nc4 35. Bxc4 bxc4 36. Kd2 1-0

[Event "Frankfurt Ch B 2019"]
[Site "Ffm-Höchst, BiKuZ"]
[Date "2019.05.13"]
[Round "3.2"]
[White "Trumpp, Christopher"]
[Black "Klinke, Roland"]
[Result "1-0"]
[WhiteElo "1438"]
[BlackElo "1157"]
[PlyCount "43"]
[EventDate "2019.??.??"]
[WhiteTeam "Berkershm"]
[BlackTeam "TuS Dotzheim"]

1. d4 d5 2. c4 c6 3. Nf3 Bg4 4. e3 Nd7 5. h3 Bh5 6. Be2 Ngf6 7. Nbd2 Qc7 8. O-O
e5 9. Nh4 Bxe2 10. Qxe2 Be7 11. c5 O-O 12. Nf5 Rfe8 13. b4 Bf8 14. Bb2 g6 15.
dxe5 Nxe5 16. f4 Ned7 17. Nh4 Re7 18. Qf2 Rae8 19. Nhf3 Rxe3 20. Ne5 R3xe5 21.
fxe5 Ne4 22. Qxf7+ 1-0

[Event "Frankfurt Ch B 2019"]
[Site "Ffm-Höchst, BiKuZ"]
[Date "2019.05.13"]
[Round "3.3"]
[White "Sturm, Holger"]
[Black "Al-Butmeh, Firas"]
[Result "0-1"]
[WhiteElo "1133"]
[BlackElo "1362"]
[PlyCount "44"]
[EventDate "2019.??.??"]
[WhiteTeam "Schierstein"]
[BlackTeam "SV Lahn Limburg"]

1. d4 Nf6 2. c4 g6 3. Nc3 Bg7 4. e4 d6 5. h3 Nbd7 6. Nf3 O-O 7. Bg5 h6 8. Be3
c5 9. d5 Qa5 10. Qd2 a6 11. Bxh6 Nxe4 12. Qe3 Nxc3 13. bxc3 Bxc3+ 14. Ke2 Bxa1
15. Bxf8 Kxf8 16. Qh6+ Bg7 17. Qf4 Qxa2+ 18. Ke3 Qb2 19. Bd3 Bd4+ 20. Nxd4
Qxd4+ 21. Qxd4 cxd4+ 22. Kxd4 Nc5 0-1

[Event "Frankfurt Ch B 2019"]
[Site "Ffm-Höchst, BiKuZ"]
[Date "2019.05.13"]
[Round "3.5"]
[White "Bär, Christian"]
[Black "Goodwin, David"]
[Result "1/2-1/2"]
[WhiteElo "1423"]
[BlackElo "1434"]
[PlyCount "92"]
[EventDate "2019.??.??"]
[WhiteTeam "SC Steinbach"]
[BlackTeam "SV Kelsterbach"]

1. e4 g6 2. g3 Bg7 3. Bg2 d6 4. d3 c5 5. Ne2 Nd7 6. O-O Ngf6 7. h3 O-O 8. Nbc3
a6 9. a4 Rb8 10. a5 b6 11. axb6 Rxb6 12. f4 e5 13. f5 Qc7 14. g4 c4 15. g5 Nh5
16. f6 Ndxf6 17. gxf6 Nxf6 18. dxc4 Qc5+ 19. Kh1 Bd7 20. b3 Qc8 21. Kh2 Bc6 22.
Be3 Rb8 23. Bg5 Qe6 24. Rxa6 Rbc8 25. Nd5 Bxd5 26. cxd5 Qe7 27. Qd2 Rc7 28. Nc1
Rfc8 29. c4 Rb7 30. Qf2 Nxe4 31. Bxe7 Nxf2 32. Bxd6 Bh6 33. Rxf2 Bxc1 34. Bxe5
Re8 35. d6 Be3 36. Bxb7 Bxf2 37. Ra8 Rxa8 38. Bxa8 Bh4 39. c5 f6 40. Bxf6 Bxf6
41. c6 Be5+ 42. Kg2 Bxd6 43. Kf3 Kf7 44. Ke4 Ke6 45. Bb7 Bc7 46. b4 Kd6 1/2-1/2

[Event "Frankfurt Ch B 2019"]
[Site "Ffm-Höchst, BiKuZ"]
[Date "2019.05.13"]
[Round "3.6"]
[White "Ketting, Douwe"]
[Black "Grünzig, Matthias"]
[Result "1/2-1/2"]
[WhiteElo "1397"]
[BlackElo "1298"]
[PlyCount "38"]
[EventDate "2019.??.??"]
[WhiteTeam "SC Somborn"]
[BlackTeam "Berkershm"]

1. b4 e5 2. Bb2 Bxb4 3. Bxe5 Nf6 4. Nf3 Nc6 5. Bb2 O-O 6. c4 d6 7. e3 Bg4 8. a3
Ba5 9. Be2 Re8 10. O-O Bb6 11. d4 a6 12. Nbd2 Na5 13. Qc2 Bh5 14. Rac1 Bg6 15.
Qc3 Nc6 16. Rfd1 Ba5 17. Qb3 Bxd2 18. Rxd2 Rb8 19. Qd1 Ne4 1/2-1/2

[Event "Frankfurt Ch B 2019"]
[Site "Ffm-Höchst, BiKuZ"]
[Date "2019.05.13"]
[Round "3.7"]
[White "Nebel, Marcel"]
[Black "Dröser, Wolfgang"]
[Result "1/2-1/2"]
[WhiteElo "1309"]
[BlackElo "1276"]
[PlyCount "77"]
[EventDate "2019.??.??"]
[WhiteTeam "Berkershm"]
[BlackTeam "SC Sulzbach"]

1. d4 f5 2. c4 Nf6 3. Nc3 e6 4. Bg5 Be7 5. Nf3 d6 6. e3 O-O 7. Be2 Qe8 8. O-O
b6 9. d5 e5 10. Qc2 Na6 11. Rfe1 e4 12. Nd2 Nc5 13. f3 Qg6 14. Bxf6 Rxf6 15.
fxe4 f4 16. exf4 Rxf4 17. Bf3 Rf7 18. Kh1 Bf6 19. Ne2 Be5 20. Nf1 Bh3 21. Neg3
Raf8 22. Rac1 Bg4 23. Bxg4 Qxg4 24. b4 Rf2 25. Qd1 Qxd1 26. Rcxd1 Nd7 27. Re2
Bxg3 28. Nxg3 R2f4 29. Kg1 Ne5 30. Rc2 Ng4 31. Rc3 Nf6 32. Re3 Ng4 33. Re2 Nf2
34. Rf1 Nd3 35. Rxf4 Rxf4 36. b5 Ne5 37. Rc2 g6 38. Nf1 Rxe4 39. Nd2 1/2-1/2

[Event "Frankfurt Ch B 2019"]
[Site "Ffm-Höchst, BiKuZ"]
[Date "2019.05.13"]
[Round "3.8"]
[White "Wich, Manuela"]
[Black "Pessotschinski, Lars"]
[Result "0-1"]
[WhiteElo "1488"]
[BlackElo "1213"]
[Annotator "Schloessner,Henrik"]
[PlyCount "75"]
[EventDate "2019.??.??"]
[WhiteTeam "SV Hofheim"]
[BlackTeam "TuS Makkabi"]

1. e4 c5 2. Nf3 d6 3. Bb5+ Bd7 4. Bxd7+ Qxd7 5. O-O Nf6 6. d3 Nc6 7. c3 g6 8.
Nbd2 Bg7 9. Re1 O-O 10. Nf1 Rac8 11. Ne3 Rfd8 12. Nc2 a6 13. Re2 b5 14. d4 c4
15. Qe1 e5 16. d5 Ne7 17. Bg5 h6 18. Bxf6 Bxf6 19. Qd2 Bg7 20. Ne3 Kh7 21. h3
Rb8 22. Qc2 Rdc8 23. Nh2 Qc7 24. Qd2 a5 25. Rc1 Qb7 26. Nd1 b4 27. Ng4 a4 28.
Qe3 a3 29. bxa3 h5 30. Nh2 Bh6 31. Qf3 Bxc1 32. Qxf7+ Kh8 33. Qf6+ Kg8 34. Qe6+
Kg7 35. Qxd6 Qc7 36. Qe6 Rb6 37. d6 Rxd6 38. Qxe5+ {Nach Txd1+ gab Weiß wegen
Damenverlust auf. Dass Schwarz im Schach steht wurde ignoriert!} 0-1

[Event "Frankfurt Ch B 2019"]
[Site "Ffm-Höchst, BiKuZ"]
[Date "2019.05.13"]
[Round "3.9"]
[White "Engelhardt, Michael"]
[Black "Tryfon, Konstantin"]
[Result "1-0"]
[WhiteElo "1467"]
[BlackElo "1239"]
[PlyCount "95"]
[EventDate "2019.??.??"]
[WhiteTeam "SV Nauheim"]
[BlackTeam "SV Hofheim"]

1. Nc3 d5 2. e4 c6 3. Nf3 Nf6 4. e5 Ne4 5. d4 Qa5 6. Bd2 Nxd2 7. Nxd2 Qb6 8.
Nb3 Bf5 9. Bd3 Bg6 10. Bxg6 hxg6 11. e6 f5 12. Qd3 Qc7 13. g3 Na6 14. O-O-O Rh6
15. Rde1 f4 16. Re5 fxg3 17. fxg3 O-O-O 18. Rg5 Nb4 19. Qe3 b6 20. a3 Na6 21.
Qd3 Qb7 22. Rxg6 c5 23. Rxh6 gxh6 24. dxc5 bxc5 25. Qb5 Rd6 26. Rf1 Bg7 27.
Qxb7+ Kxb7 28. Rd1 Bxc3 29. bxc3 Kb6 30. Re1 Nc7 31. Nd2 Rxe6 32. Rxe6+ Nxe6
33. c4 d4 34. c3 dxc3 35. Ne4 Nd4 36. Nxc3 Nb3+ 37. Kb2 Nd2 38. Nd5+ Ka5 39.
Nxe7 Nxc4+ 40. Kb3 Kb5 41. a4+ Ka5 42. Kxc4 Kxa4 43. Kxc5 a5 44. Nc6 Kb3 45.
Nxa5+ Kc3 46. Nc4 Kd3 47. Ne5+ Ke3 48. Ng4+ 1-0

[Event "Frankfurt Ch B 2019"]
[Site "Ffm-Höchst, BiKuZ"]
[Date "2019.05.13"]
[Round "3.10"]
[White "Manasek, Martin"]
[Black "Häfner, Günther"]
[Result "1/2-1/2"]
[WhiteElo "1360"]
[BlackElo "1203"]
[PlyCount "75"]
[EventDate "2019.??.??"]
[WhiteTeam "SC Flörsheim"]
[BlackTeam "Berkershm"]

1. d4 d5 2. Nf3 Nf6 3. e3 e6 4. Bd3 Be7 5. O-O Nbd7 6. c4 dxc4 7. Bxc4 O-O 8.
Nc3 b6 9. e4 Bb7 10. d5 exd5 11. exd5 Bd6 12. Re1 Re8 13. Bg5 Rxe1+ 14. Qxe1
Qe8 15. Qd2 Qf8 16. Re1 Re8 17. Nb5 Rxe1+ 18. Qxe1 Bxd5 19. Bxd5 Nxd5 20. Nxd6
Qxd6 21. Qe8+ Nf8 22. Bh4 Nf6 23. Bxf6 Qxf6 24. Ne5 Qe6 25. Qxe6 Nxe6 26. g3 f6
27. Nc6 a5 28. Kg2 Kf7 29. f4 Nc5 30. b4 axb4 31. Nxb4 Ke6 32. Kf3 Kd6 33. Ke3
Na4 34. Kd3 c5 35. Nc2 b5 36. Ne3 b4 37. Kc4 g6 38. Kb3 1/2-1/2

[Event "Frankfurt Ch B 2019"]
[Site "Ffm-Höchst, BiKuZ"]
[Date "2019.05.13"]
[Round "3.11"]
[White "Barth, Horst"]
[Black "Bauer, Alfred"]
[Result "0-1"]
[WhiteElo "1200"]
[BlackElo "1298"]
[PlyCount "74"]
[EventDate "2019.??.??"]
[WhiteTeam "SF Mainz"]
[BlackTeam "Freibauer Mörlenbach"]

1. e4 e6 2. d4 d5 3. exd5 exd5 4. Nc3 Nf6 5. h3 Nc6 6. Bb5 Bd7 7. Nf3 Be7 8.
O-O O-O 9. a3 Re8 10. Re1 h6 11. Bf4 a6 12. Bxc6 bxc6 13. Ne5 Bd6 14. Qd2 Rb8
15. b4 Qc8 16. Nxd7 Qxd7 17. Bxd6 cxd6 18. Re2 Re6 19. Rxe6 fxe6 20. Re1 Re8
21. Qf4 Qc7 22. Qh4 e5 23. dxe5 dxe5 24. Qg3 Qb8 25. f3 Nd7 26. Qg6 Nf6 27. Nd1
Qb6+ 28. Kh1 Qd4 29. Ne3 Qd2 30. Qg3 Nh5 31. Qh4 Nf4 32. Qg3 Re6 33. Nf5 Nh5
34. Qh4 Kh7 35. g4 Nf4 36. Rg1 Qxc2 37. g5 Qxf5 0-1

[Event "Frankfurt Ch B 2019"]
[Site "Ffm-Höchst, BiKuZ"]
[Date "2019.05.13"]
[Round "3.12"]
[White "Schäfer, Dieter"]
[Black "Giebitz, Walter"]
[Result "1/2-1/2"]
[WhiteElo "1167"]
[BlackElo "1297"]
[PlyCount "88"]
[EventDate "2019.??.??"]
[WhiteTeam "SV Ffm-Griesheim"]
[BlackTeam "SC Steinbach"]

1. d4 Nf6 2. c4 d6 3. Nc3 Bf5 4. Bg5 Nbd7 5. e3 Ne4 6. Nxe4 Bxe4 7. f3 Bg6 8.
Ne2 h6 9. Bh4 c5 10. Nc3 Qb6 11. b3 Nf6 12. Be2 Rd8 13. Bf2 e6 14. Bd3 Bxd3 15.
Qxd3 Be7 16. O-O O-O 17. Rfd1 d5 18. Na4 Qc7 19. Rac1 b6 20. Bg3 Qc6 21. Qe2
dxc4 22. dxc5 b5 23. Nb2 Bxc5 24. bxc4 Rxd1+ 25. Qxd1 Bxe3+ 26. Bf2 Bxc1 27.
Qxc1 a6 28. c5 Nd5 29. Nd3 Rd8 30. Qb2 f6 31. Qd4 e5 32. Qg4 Nf4 33. Ne1 Qd5
34. g3 Ne2+ 35. Kg2 Qd7 36. Qe4 Nd4 37. Nd3 Ne6 38. Nb4 Ng5 39. Qe3 a5 40. Nc2
Qd3 41. Ne1 Qd2 42. Qb3+ Kh7 43. Qb1+ g6 44. Qxb5 Ne6 1/2-1/2

[Event "Frankfurt Ch B 2019"]
[Site "Ffm-Höchst, BiKuZ"]
[Date "2019.05.13"]
[Round "3.13"]
[White "Rosen, Thomas"]
[Black "Özyar, Arin"]
[Result "0-1"]
[WhiteElo "1257"]
[BlackElo "1167"]
[PlyCount "92"]
[EventDate "2019.??.??"]
[WhiteTeam "SV Lahn Limburg"]
[BlackTeam "SC Bad Soden"]

1. d4 d5 2. Bf4 Bf5 3. e3 Nf6 4. Be2 e6 5. Nf3 Nc6 6. c3 Bd6 7. Bg5 h6 8. Bh4
Be7 9. O-O Ne4 10. Bxe7 Qxe7 11. Nbd2 O-O-O 12. b4 Nxc3 13. Qe1 Nxe2+ 14. Qxe2
Nxb4 15. e4 dxe4 16. Nxe4 Nc6 17. Qe3 Qb4 18. Rab1 Qa4 19. Nc5 Qxa2 20. Ra1 Qb2
21. Ne5 b6 22. Nxc6 bxc5 23. Nxd8 cxd4 24. Qe5 Rxd8 25. Rxa7 Rd7 26. Rfa1 Qb3
27. Ra8+ Kb7 28. R1a7+ Kb6 29. Qa5+ Kc6 30. Ra6+ Kb7 31. R6a7+ Kc6 32. Qa4+
Qxa4 33. Rxa4 d3 34. R8a6+ Kd5 35. R6a5+ Kd6 36. Rd4+ Ke7 37. Rxd7+ Kxd7 38.
Ra4 c5 39. Ra2 Kd6 40. Kf1 Kd5 41. Ke1 Kd4 42. Kd2 c4 43. Ra4 e5 44. Rb4 e4 45.
Ra4 g5 46. g3 Bd7 0-1

[Event "Frankfurt Ch B 2019"]
[Site "Ffm-Höchst, BiKuZ"]
[Date "2019.05.13"]
[Round "3.14"]
[White "Hartwig, Horst"]
[Black "Brendel, Lutz"]
[Result "0-1"]
[WhiteElo "1080"]
[BlackElo "1407"]
[PlyCount "90"]
[EventDate "2019.??.??"]
[WhiteTeam "vereinslos"]
[BlackTeam "Schach AG im FDG"]

1. d4 Nf6 2. Nc3 d6 3. Bg5 Nbd7 4. e4 h6 5. Bh4 g5 6. Bg3 Bg7 7. h3 c5 8. d5 a6
9. Nf3 b5 10. Be2 b4 11. Na4 Nxe4 12. Bh2 Qa5 13. b3 Bxa1 14. Qxa1 Nef6 15. Qd1
Bb7 16. Bc4 Nb6 17. Nxb6 Qxb6 18. O-O O-O-O 19. Qa1 Rhe8 20. Rd1 g4 21. hxg4
Nxg4 22. Bg3 Rg8 23. Re1 Rde8 24. Nh2 Nxh2 25. Kxh2 a5 26. c3 Ba6 27. Bxa6+
Qxa6 28. c4 a4 29. Qb1 Kd8 30. Qf5 axb3 31. axb3 f6 32. Bf4 Qa2 33. Kg1 Qxb3
34. Qe4 h5 35. Rb1 Qh3 36. Bg3 Qg4 37. Qc2 Kc7 38. Qa4 Rb8 39. Re1 Rg7 40. Qc6+
Kd8 41. Rxe7 Rxe7 42. Qxd6+ Ke8 43. f3 Qd4+ 44. Bf2 Re1+ 45. Kh2 Qe5+ 0-1

[Event "Frankfurt Ch B 2019"]
[Site "Ffm-Höchst, BiKuZ"]
[Date "2019.05.13"]
[Round "3.15"]
[White "Grinberg, Igor"]
[Black "Mook, Karl-Jürgen"]
[Result "1-0"]
[WhiteElo "1187"]
[BlackElo "1261"]
[PlyCount "93"]
[EventDate "2019.??.??"]
[WhiteTeam "TuS Makkabi"]
[BlackTeam "SC Sulzbach"]

1. d4 d5 2. Bf4 Nf6 3. e3 e6 4. c4 Bd6 5. Bg3 Bxg3 6. hxg3 Nbd7 7. Nc3 c6 8. b4
dxc4 9. Bxc4 b5 10. Bd3 Bb7 11. e4 e5 12. Nf3 exd4 13. Nxd4 Ne5 14. Bc2 g6 15.
O-O O-O 16. Nf3 Qe7 17. a3 Rad8 18. Qc1 Nxf3+ 19. gxf3 Kg7 20. Kg2 Qe5 21. Ne2
Qc7 22. Rh1 Ng8 23. Nf4 Qe7 24. Qb2+ f6 25. Bb3 Qe5 26. Ne6+ Kh8 27. Qxe5 fxe5
28. Nxf8 Rxf8 29. Bxg8 Kxg8 30. Rhd1 Kg7 31. Rd6 Rf6 32. Rad1 Bc8 33. Rxf6 Kxf6
34. Rd6+ Ke7 35. Rxc6 Bd7 36. Rc7 Kd6 37. Rxa7 Ke7 38. g4 g5 39. Ra6 Be6 40.
Rb6 Bc4 41. Rb7+ Kf6 42. Rxh7 Kg6 43. Rh1 Kg7 44. Rc1 Bb3 45. Rc5 Ba4 46. Rxe5
Kf6 47. Rd5 1-0

[Event "Frankfurt Ch B 2019"]
[Site "Ffm-Höchst, BiKuZ"]
[Date "2019.05.13"]
[Round "3.16"]
[White "Landvoigt, Martin"]
[Black "Lassek, Bjarne"]
[Result "0-1"]
[WhiteElo "1232"]
[BlackElo "1194"]
[PlyCount "54"]
[EventDate "2019.??.??"]
[WhiteTeam "SF Friedberg"]
[BlackTeam "Schach AG im FDG"]

1. d4 Nf6 2. f4 d5 3. Nf3 Bf5 4. e3 c5 5. c3 Nc6 6. Bb5 e6 7. Ne5 Rc8 8. O-O
Bd6 9. Qa4 Qb6 10. Bxc6+ bxc6 11. Nd2 Ne4 12. Nxe4 Bxe4 13. Ng4 O-O 14. Qd1
cxd4 15. cxd4 c5 16. dxc5 Bxc5 17. Re1 d4 18. Qb3 d3 19. Bd2 Rfd8 20. Nf2 f5
21. Nxe4 fxe4 22. f5 Qxb3 23. axb3 exf5 24. b4 Bb6 25. Rac1 Rc2 26. Rxc2 dxc2
27. Re2 Rxd2 0-1

[Event "Frankfurt Ch B 2019"]
[Site "Ffm-Höchst, BiKuZ"]
[Date "2019.05.13"]
[Round "3.17"]
[White "Grimm, Heinz-Peter"]
[Black "Czinkota, Michael"]
[Result "1/2-1/2"]
[WhiteElo "1445"]
[BlackElo "1144"]
[PlyCount "65"]
[EventDate "2019.??.??"]
[WhiteTeam "vereinslos"]
[BlackTeam "SC Bad Soden"]

1. e4 e5 2. Nf3 Nc6 3. Bb5 d6 4. d4 a6 5. Bc4 Bg4 6. d5 Nd4 7. Be3 Nxf3+ 8.
gxf3 b5 9. fxg4 bxc4 10. Nd2 c3 11. bxc3 Ne7 12. Qe2 c5 13. Nf3 Ng6 14. h4 Be7
15. g5 O-O 16. Qd2 f6 17. h5 Nf4 18. Bxf4 exf4 19. g6 h6 20. Qxf4 Qa5 21. Qd2
f5 22. c4 Qa3 23. Qd3 Qxd3 24. cxd3 fxe4 25. Nd2 exd3 26. Ne4 Rae8 27. Kd2 Rf3
28. Rae1 Kf8 29. Re3 Bg5 30. Nxg5 Rxf2+ 31. Kxd3 hxg5 32. Rxe8+ Kxe8 33. Re1+
1/2-1/2

[Event "Frankfurt Ch B 2019"]
[Site "Ffm-Höchst, BiKuZ"]
[Date "2019.05.13"]
[Round "3.18"]
[White "Corluka, Lukas"]
[Black "Wundram, Till"]
[Result "1-0"]
[WhiteElo "1135"]
[BlackElo "1310"]
[PlyCount "51"]
[EventDate "2019.??.??"]
[WhiteTeam "Schach AG im FDG"]
[BlackTeam "vereinslos"]

1. e4 e5 2. Nf3 Nc6 3. Bb5 a6 4. Ba4 Nf6 5. d3 b5 6. Bb3 Be7 7. O-O O-O 8. c4
d6 9. h3 Nh5 10. Nc3 f5 11. cxb5+ Kh8 12. bxc6 fxe4 13. dxe4 a5 14. Nd5 Bh4 15.
Ng5 g6 16. Nf3 Ba6 17. Re1 Bb5 18. Nxh4 Qxh4 19. f3 Bxc6 20. Nxc7 Ra7 21. Ne6
Rf6 22. Bg5 Qg3 23. Bxf6+ Nxf6 24. Qxd6 Rd7 25. Qf8+ Ng8 26. Nd8 1-0

[Event "Frankfurt Ch B 2019"]
[Site "Ffm-Höchst, BiKuZ"]
[Date "2019.05.13"]
[Round "3.19"]
[White "Czinkota, Thomas"]
[Black "Pessotschinski, Eduard"]
[Result "0-1"]
[WhiteElo "828"]
[BlackElo "1263"]
[PlyCount "24"]
[EventDate "2019.??.??"]
[WhiteTeam "SC Bad Soden"]
[BlackTeam "TuS Makkabi"]

1. e4 c5 2. c4 d6 3. Nc3 Nf6 4. b3 g6 5. Bb2 Bg7 6. Bd3 O-O 7. Nf3 Bg4 8. Qc2
Bxf3 9. gxf3 Nc6 10. f4 Nd4 11. Qd1 Qd7 12. Ne2 Nf3+ 0-1

[Event "Frankfurt Ch A 2019"]
[Site "Ffm-Höchst, BiKuZ"]
[Date "2019.05.20"]
[Round "4.1"]
[White "Poetsch, Hagen"]
[Black "Neukirchner, Pascal"]
[Result "1-0"]
[WhiteElo "2497"]
[BlackElo "2298"]
[PlyCount "93"]
[EventDate "2019.??.??"]
[WhiteTeam "SC Heusenstamm"]
[BlackTeam "SK Gründau"]

1. d4 Nf6 2. c4 c5 3. d5 b5 4. cxb5 a6 5. e3 g6 6. Nc3 Bg7 7. e4 O-O 8. a4 Bb7
9. Bg5 Qa5 10. Bd2 e6 11. e5 Ne8 12. Nf3 Qc7 13. Bc4 Bxe5 14. b6 Qd6 15. Ne4
Qxb6 16. Nxe5 exd5 17. a5 Qe6 18. Bc3 dxc4 19. Nxc5 Qe7 20. Nxb7 d6 21. Nxd6
Nxd6 22. O-O Nb5 23. Nxc4 Nc6 24. Qd5 Nb4 25. Bxb4 Qxb4 26. Nb6 Rab8 27. Nd7
Rbd8 28. Rad1 Qxb2 29. Qg5 h6 30. Qe7 Rxd7 31. Rxd7 Qc3 32. Rfd1 Kg7 33. Rd8
Rxd8 34. Qxd8 Qc2 35. Qd2 Qc7 36. Rc1 Qe5 37. h3 Nd4 38. Re1 Qf6 39. Rd1 Ne6
40. Qd6 Qg5 41. Rd5 Qc1+ 42. Kh2 Qc4 43. Qe5+ Kg8 44. Rd6 h5 45. Rb6 Kh7 46.
Rb7 Ng7 47. Qc7 1-0

[Event "Frankfurt Ch A 2019"]
[Site "Ffm-Höchst, BiKuZ"]
[Date "2019.05.20"]
[Round "4.2"]
[White "Nehmert, Ulrich"]
[Black "Milov, Leonid"]
[Result "0-1"]
[WhiteElo "2152"]
[BlackElo "2456"]
[Annotator "Schloessner,Henrik"]
[PlyCount "140"]
[EventDate "2019.??.??"]
[WhiteTeam "Wiesbadener SV"]
[BlackTeam "SC Noris-Tarrasch Nürnberg"]

1. d4 f5 2. g3 Nf6 3. Bg2 d6 4. Nd2 e5 5. e4 Nc6 6. d5 Ne7 7. exf5 Bxf5 8. Nc4
h6 9. Ne2 Qd7 10. Ne3 Bh3 11. Bxh3 Qxh3 12. Qd3 O-O-O 13. Bd2 Nexd5 14. Nxd5
Qg2 15. O-O-O Qxd5 16. Qa3 Qc4 17. Rde1 a6 18. b3 Qc6 19. Qb2 Ng4 20. Be3 Nxh2
21. f4 Ng4 22. Bg1 Be7 23. c4 Bf6 24. Qc2 h5 25. Nc3 exf4 26. gxf4 Bxc3 27.
Qxc3 d5 28. Bd4 Rhf8 29. cxd5 Rxd5 30. Qxc6 bxc6 31. Bxg7 Rxf4 32. Re8+ Kb7 33.
Rh8 Rff5 34. Bc3 c5 35. Rh7 Ne3 36. Re1 Rd3 37. Ba5 Nd5 38. Bxc7 Nxc7 39. Ree7
Rd6 40. Rxc7+ Kb6 41. Rb7+ Kc6 42. Rbc7+ Kd5 43. Rce7 Rg6 44. Re2 Rg4 45. Rh2
Rgg5 46. Rh6 a5 47. Ra6 Ke4 48. Rxa5 Kf3 49. Ra4 Rg4 50. Kd2 Rxa4 51. bxa4 Kg3
52. Re2 h4 53. Re3+ Kg2 54. Re2+ Kg1 55. Re3 Rf4 56. Ra3 Kg2 57. a5 h3 58. a6
h2 59. a7 Rf8 60. a8=Q+ Rxa8 61. Rxa8 h1=Q 62. Ra3 Qh4 63. Kc2 Qc4+ 64. Kb2 Kf2
65. Rc3 Qb4+ 66. Kc2 Ke2 67. a3 Qe4+ 68. Kb2 Kd2 69. Kb3 Qd5+ 70. Kb2 Qd4 0-1

[Event "Frankfurt Ch A 2019"]
[Site "Ffm-Höchst, BiKuZ"]
[Date "2019.05.20"]
[Round "4.3"]
[White "Stelzer, Harald"]
[Black "Uwira, Oliver"]
[Result "0-1"]
[WhiteElo "2155"]
[BlackElo "2143"]
[PlyCount "48"]
[EventDate "2019.??.??"]
[WhiteTeam "Sges Bensheim"]
[BlackTeam "SC Nied"]

1. e4 c5 2. Nf3 Nc6 3. d4 cxd4 4. Nxd4 Nf6 5. Nc3 e5 6. Ndb5 d6 7. Bg5 a6 8.
Na3 b5 9. Nd5 Be7 10. Bxf6 Bxf6 11. c3 O-O 12. h4 Ne7 13. Nc2 Nxd5 14. exd5 e4
15. a3 Bd7 16. g3 Be5 17. f4 exf3 18. Qxf3 Qc8 19. Bd3 Bg4 20. Qf2 Bxc3+ 21.
Kf1 Bxb2 22. Rb1 Qc3 23. Ne1 Bxa3 24. Kg2 Rae8 0-1

[Event "Frankfurt Ch A 2019"]
[Site "Ffm-Höchst, BiKuZ"]
[Date "2019.05.20"]
[Round "4.4"]
[White "Drill, Frank"]
[Black "Khenkin, Igor"]
[Result "0-1"]
[WhiteElo "2052"]
[BlackElo "2512"]
[PlyCount "54"]
[EventDate "2019.??.??"]
[WhiteTeam "SF Neuberg"]
[BlackTeam "SG Turm Kiel"]

1. e4 c6 2. d4 d5 3. f3 g6 4. Nc3 Bg7 5. Be3 Qb6 6. Rb1 e6 7. Qd2 Nd7 8. Nge2
h5 9. g3 Ne7 10. Bh3 Qd8 11. O-O b5 12. Nd1 e5 13. Nf2 dxe4 14. Nxe4 Nb6 15.
Bxc8 Nc4 16. Qd3 Nxe3 17. Qxe3 exd4 18. Qf4 Nxc8 19. c3 dxc3 20. bxc3 O-O 21.
Rbd1 Qb6+ 22. Kg2 Ne7 23. Rd3 Nd5 24. Qg5 Rae8 25. Rb1 f5 26. Qxg6 fxe4 27.
fxe4 Qf2+ 0-1

[Event "Frankfurt Ch A 2019"]
[Site "Ffm-Höchst, BiKuZ"]
[Date "2019.05.20"]
[Round "4.5"]
[White "Akbarinia, Sayed Arash"]
[Black "Brückmann, Gerd"]
[Result "1-0"]
[WhiteElo "2372"]
[BlackElo "1872"]
[WhiteTeam "vereinslos"]
[BlackTeam "SV Anderssen Arolsen"]
[PlyCount "73"]

1. Nf3 d5 2. d4 Nf6 3. c4 c6 4. g3 Bg4 5. Bg2 e6 6. Qb3 Qb6 7. Nc3 Nbd7 8. h3
Bf5 9. c5 Qxb3 10. axb3 h6 11. b4 Be7 12. b5 O-O 13. O-O Ne4 14. bxc6 bxc6 15.
g4 Bh7 16. Ra6 Nb8 17. Ra2 g5 18. Nd2 f5 19. gxf5 exf5 20. Ncxe4 fxe4 21. Nb3
a6 22. Bd2 Bd8 23. Na1 Ra7 24. Nc2 Raf7 25. Nb4 Ra7 26. Rfa1 Raf7 27. Be1
a5 28. Nc2 h5 29. Ne3 g4 30. hxg4 Bh4 31. Rxa5 Bxf2+ 32. Bxf2 Rxf2 33. Bf3
R2xf3 34. exf3 exf3 35. Kf2 hxg4 36. Nxg4 Be4 37. Ra7 1-0

[Event "Frankfurt Ch A 2019"]
[Site "Ffm-Höchst, BiKuZ"]
[Date "2019.05.20"]
[Round "4.6"]
[White "Legde, Georg"]
[Black "Zimmermann, Rolf"]
[Result "1-0"]
[WhiteElo "2263"]
[BlackElo "2025"]
[PlyCount "95"]
[EventDate "2019.??.??"]
[WhiteTeam "Freibauer Mörlenbach"]
[BlackTeam "SC Tornado Hochneukirch"]

1. c4 c5 2. Nc3 Nf6 3. Nf3 Nc6 4. d4 cxd4 5. Nxd4 d6 6. e4 Bd7 7. Be2 g6 8. Be3
Bg7 9. O-O O-O 10. f3 Ne8 11. Qd2 Nxd4 12. Bxd4 Bxd4+ 13. Qxd4 Bc6 14. b4 b6
15. Rfd1 e5 16. Qe3 Qe7 17. a4 Nc7 18. a5 Ne6 19. axb6 axb6 20. Rxa8 Rxa8 21.
Qxb6 Nd4 22. b5 Bb7 23. Bf1 f5 24. exf5 gxf5 25. Ne2 Nxe2+ 26. Bxe2 Ra2 27.
Qxd6 Qxd6 28. Rxd6 Rxe2 29. Rd8+ Kf7 30. Rd7+ Ke6 31. Rxb7 Rc2 32. Rb6+ Kd7 33.
Rc6 e4 34. fxe4 fxe4 35. Kf1 e3 36. c5 Rf2+ 37. Ke1 Rxg2 38. Rh6 Rc2 39. Rxh7+
Ke6 40. Rh5 Rb2 41. c6 Kd6 42. h4 Rh2 43. Rh6+ Kc7 44. Rh7+ Kd6 45. c7 Rc2 46.
b6 Kd5 47. Rd7+ Ke4 48. Kd1 1-0

[Event "Frankfurt Ch A 2019"]
[Site "Ffm-Höchst, BiKuZ"]
[Date "2019.05.20"]
[Round "4.7"]
[White "Weber, Samuel"]
[Black "Deppe, Leo Max"]
[Result "1-0"]
[WhiteElo "2147"]
[BlackElo "1920"]
[PlyCount "83"]
[EventDate "2019.??.??"]
[WhiteTeam "SV Oberursel"]
[BlackTeam "SC Bad Soden"]

1. g3 g6 2. Bg2 Bg7 3. c4 Nf6 4. Nc3 O-O 5. e4 d6 6. Nge2 Nc6 7. d3 Nd7 8. Be3
e5 9. O-O Ne7 10. b4 f5 11. Rc1 Nf6 12. Qb3 c6 13. d4 Be6 14. d5 cxd5 15. exd5
Bf7 16. h3 Qd7 17. f4 Nh5 18. c5 dxc5 19. bxc5 e4 20. Rfd1 Rfd8 21. Qa3 Nxd5
22. Nxd5 Bxd5 23. Nc3 Bxc3 24. Qxc3 Nxg3 25. Rd2 Qe6 26. Rcd1 Rd7 27. Qe5 Qxe5
28. fxe5 Rad8 29. Bg5 Ne2+ 30. Rxe2 Bc4 31. Rxd7 Rxd7 32. Rd2 Rxd2 33. Bxd2
Bxa2 34. Kf2 Kf7 35. Ke3 Ke6 36. Kd4 Bd5 37. Bf1 b6 38. cxb6 axb6 39. Ba6 Bc6
40. Bc8+ Ke7 41. Bg5+ Ke8 42. e6 1-0

[Event "Frankfurt Ch A 2019"]
[Site "Ffm-Höchst, BiKuZ"]
[Date "2019.05.20"]
[Round "4.8"]
[White "Hankel, Dennis"]
[Black "Waffenschmidt, Joachim"]
[Result "0-1"]
[WhiteElo "2131"]
[BlackElo "2001"]
[PlyCount "98"]
[EventDate "2019.??.??"]
[WhiteTeam "SF Neuberg"]
[BlackTeam "SC Brett vorm Kopp"]

1. d4 d5 2. Bf4 Nf6 3. e3 e6 4. Nd2 c5 5. c3 Nc6 6. Bd3 Bd6 7. Bg3 O-O 8. Ngf3
b6 9. Qe2 Bb7 10. Rd1 Qc7 11. e4 Nh5 12. e5 Be7 13. Nf1 g6 14. a3 a5 15. Ne3 c4
16. Bb1 b5 17. Ng4 Qd8 18. Qe3 b4 19. axb4 axb4 20. h4 bxc3 21. bxc3 Re8 22.
Bf4 Ra3 23. O-O Nb4 24. Bg5 Nd3 25. Nh6+ Kg7 26. g4 Bxg5 27. Nxg5 Nhf4 28.
Nhxf7 Qc7 29. Nd6 Rf8 30. Bxd3 cxd3 31. Ra1 Rb3 32. Rfb1 Rxb1+ 33. Rxb1 Ba6 34.
Rb6 Qa7 35. Rc6 h6 36. Nf3 Bc4 37. Kh2 Qe7 38. Nf5+ gxf5 39. Qxf4 d2 40. Nxd2
Qxh4+ 41. Kg1 Ra8 42. Qh2 Qxg4+ 43. Qg2 Ra1+ 44. Kh2 Ra2 45. Nxc4 dxc4 46. Rxc4
h5 47. Qxg4+ hxg4 48. Rc6 Kg6 49. Rxe6+ Kg5 0-1